La comunicación entre el centro educativo y las familias : entrevistas, reuniones e Internet /

Detalles Bibliográficos
Autor principal: Chuang, Hsiao-Ping (Autor)
Formato: Electrónico eBook
Lenguaje:español
Publicado: Pamplona : EUNSA, Ediciones Universidad de Navarra, [2005]
Colección:Colección Ciencias de la educación (Ediciones Universidad de Navarra, S.A.)
Materias:
Acceso en línea:Digitalia Hispánica

MARC

LEADER 00000nam a2200000Ii 4500
001 DIGEDUNAV0230
003 NyNyDIG0
006 m o d
007 cr |||||||||||
008 220225s2005 sp ob 000 0 spa d
035 |a (OCoLC)1051348845 
040 |a DGITA  |b eng  |e rda  |e pn  |c DGITA 
020 |z 9788431323019 
050 1 4 |a LC225 ebook 
082 0 4 |a 371.192 
100 1 |a Chuang, Hsiao-Ping,  |e author. 
245 1 3 |a La comunicación entre el centro educativo y las familias :  |b entrevistas, reuniones e Internet /  |c Hsiao-Ping Chuang. 
264 1 |a Pamplona :  |b EUNSA, Ediciones Universidad de Navarra,  |c [2005] 
300 |a 1 online resource. 
336 |a text  |2 rdacontent 
337 |a computer  |b c  |2 rdamedia 
338 |a online resource  |b cr  |2 rdacarrier 
347 |a text file  |2 rdaft 
347 |b PDF 
490 1 |a Ciencias de la educación 
504 |a Includes bibliographical references. 
588 0 |a Online resource; title from PDF title page (Digitalia, viewed February 25, 2022) 
650 0 |a Parent-teacher relationships. 
650 0 |a Education  |x Parent participation. 
650 0 |a Home and school. 
650 0 |a Internet in education. 
655 0 |a Electronic books. 
776 0 8 |i Print version:  |a Chuang, Hsiao-Ping.  |t Comunicación entre el centro educativo y las familias.  |d Pamplona : EUNSA, Ediciones Universidad de Navarra, [2005]  |z 9788431323019 
791 2 |a Digitalia (Firm),  |e distributor. 
793 0 |g Digitalia eBook Collection:  |a Ediciones Universidad de Navarra 
830 0 |a Colección Ciencias de la educación (Ediciones Universidad de Navarra, S.A.) 
856 4 0 |3 Digitalia Hispánica  |u https://www.digitaliapublishing.com/a/51599/ 
910 |a Premium Collection: 2022